Japanese iIlustrated : Meeting Japan through her language
This book is more than an illustrated dictionary of Japanese terms. It is also a phrase book of useful Japanese for foreigners. This book consists of the following three parts: getting around Japan, only in Japan, living in Japan.
Gespeichert in:
| 1. Verfasser: | |
|---|---|
| Format: | Buch |
| Sprache: | Undetermined |
| Veröffentlicht: |
Tokyo
Shufunotomo
1974
|
| Schlagworte: | |
| Tags: |
Tag hinzufügen
Keine Tags, Fügen Sie den ersten Tag hinzu!
|
| Thư viện lưu trữ: | Trung tâm Học liệu Trường Đại học Cần Thơ |
|---|
| LEADER | 00892nam a2200241Ia 4500 | ||
|---|---|---|---|
| 001 | CTU_111213 | ||
| 008 | 210402s9999 xx 000 0 und d | ||
| 020 | |c 340000 | ||
| 082 | |a 495.6 | ||
| 082 | |b S411 | ||
| 100 | |a Schwarz, Edward A. | ||
| 245 | 0 | |a Japanese iIlustrated : | |
| 245 | 0 | |b Meeting Japan through her language | |
| 245 | 0 | |c Edward A. Schwarz, Reiko Ezawa | |
| 260 | |a Tokyo | ||
| 260 | |b Shufunotomo | ||
| 260 | |c 1974 | ||
| 520 | |a This book is more than an illustrated dictionary of Japanese terms. It is also a phrase book of useful Japanese for foreigners. This book consists of the following three parts: getting around Japan, only in Japan, living in Japan. | ||
| 650 | |a Japanese language,Social life and customs | ||
| 650 | |x Conversation and phrase books | ||
| 650 | |z Japan | ||
| 904 | |i Hiếu | ||
| 980 | |a Trung tâm Học liệu Trường Đại học Cần Thơ | ||